<?xml version="1.0" encoding="UTF-8"?>
<collection xmlns="http://www.loc.gov/MARC21/slim">
 <record>
  <leader>06133nam a2200661 a 4500</leader>
  <controlfield tag="001">kal2975</controlfield>
  <controlfield tag="003">Gr-AtHEAL</controlfield>
  <controlfield tag="005">20160427111108.0</controlfield>
  <controlfield tag="006">m        d        </controlfield>
  <controlfield tag="008">160413s2015    gr      s           gre|c</controlfield>
  <datafield tag="020" ind1=" " ind2=" ">
   <subfield code="a">9789606032318</subfield>
  </datafield>
  <datafield tag="040" ind1=" " ind2=" ">
   <subfield code="a">GR-AtHEAL</subfield>
   <subfield code="b">gre</subfield>
   <subfield code="c">GR-AtHEAL</subfield>
  </datafield>
  <datafield tag="082" ind1="0" ind2="4">
   <subfield code="a">610.285</subfield>
   <subfield code="2">23</subfield>
  </datafield>
  <datafield tag="100" ind1="1" ind2=" ">
   <subfield code="a">Τσίπουρας, Μάρκος.</subfield>
   <subfield code="8">1667</subfield>
  </datafield>
  <datafield tag="245" ind1="1" ind2="0">
   <subfield code="a">Ιατρική πληροφορική</subfield>
   <subfield code="h">[Ηλεκτρονικός πόρος] </subfield>
   <subfield code="b">Ψηφιακή Επεξεργασία Βιοϊατρικών Σημάτων</subfield>
   <subfield code="c">Τσίπουρας, Μάρκος ; Τζάλλας, Αλέξανδρος ; Καρβούνης, Ευάγγελος ; Γιαννακέας, Νικόλαος ; Κριτικός αναγνώστης,Αγγελίδης, Παντελής ; Τεχνική επιμέλεια,Γιαννακέας, Νικόλαος ; Γλωσσική επιμέλεια,Γιαννίκου, Αναστασία.</subfield>
  </datafield>
  <datafield tag="260" ind1=" " ind2=" ">
   <subfield code="a">Αθήνα :</subfield>
   <subfield code="b">Σύνδεσμος Ελληνικών Ακαδημαϊκών Βιβλιοθηκών,</subfield>
   <subfield code="c">c2015.</subfield>
  </datafield>
  <datafield tag="490" ind1=" " ind2=" ">
   <subfield code="a">Ακαδημαϊκά Ηλεκτρονικά Συγγράμματα και Βοηθήματα Κάλλιπος</subfield>
   <subfield code="8">40</subfield>
  </datafield>
  <datafield tag="505" ind1="0" ind2=" ">
   <subfield code="a">Μέρος Ι: Η Πληροφορική στην Υγεία και την Ιατρική• Κεφάλαιο 1: Εισαγωγή στην Ιατρική Πληροφορική • Κεφάλαιο 2: Ιατρικά Δεδομένα και Πρότυπα• Κεφάλαιο 3: Πληροφοριακά Συστήματα στην Ιατρική• Κεφάλαιο 4: Τηλεϊατρική &amp; Κινητή Υγεία• Κεφάλαιο 5: Συστήματα Υποστήριξης Απόφασης στην ΙατρικήΜέρος ΙΙ: Επεξεργασία Βιοϊατρικών Σημάτων• Κεφάλαιο 6: Βιοϊατρικά Σήματα• Κεφάλαιο 7: Ηλεκτροκαρδιογράφημα• Κεφάλαιο 8: Διακύμανση Καρδιακού Ρυθμού• Κεφάλαιο 9: Ηλεκτροεγκεφαλογράφημα• Κεφάλαιο 10: Ηλεκτρομυογράφημα• Κεφάλαιο 11: Εμβρυακό Ηλεκτροκαρδιογράφημα</subfield>
  </datafield>
  <datafield tag="520" ind1=" " ind2=" ">
   <subfield code="a">Το βιβλίο «Ιατρική Πληροφορική» θα απευθύνεται σε προπτυχιακούς και μεταπτυχιακούς φοιτητές που διδάσκονται το αντικείμενο της ιατρικής πληροφορικής και των εφαρμογών των πληροφοριακών συστημάτων στην ιατρική καθώς επίσης και της επεξεργασίας βιοϊατρικών σημάτων. Επιπλέον, θα μπορεί να χρησιμοποιηθεί τόσο από μη ειδικούς αναγνώστες όσο και από ερευνητές του συγκεκριμένου πεδίου.</subfield>
  </datafield>
  <datafield tag="650" ind1=" " ind2="0">
   <subfield code="a">Medical informatics</subfield>
   <subfield code="8">2596</subfield>
  </datafield>
  <datafield tag="650" ind1=" " ind2="0">
   <subfield code="a">Medicine</subfield>
   <subfield code="x">Data processing</subfield>
   <subfield code="8">2670</subfield>
  </datafield>
  <datafield tag="653" ind1=" " ind2=" ">
   <subfield code="a">Ψηφιακή επεξεργασία εμβρυακού ηλεκτροκαρδιογραφήματος</subfield>
  </datafield>
  <datafield tag="653" ind1=" " ind2=" ">
   <subfield code="a">Εμβρυακό ηλεκτροκαρδιογράφημα</subfield>
  </datafield>
  <datafield tag="653" ind1=" " ind2=" ">
   <subfield code="a">Ψηφιακή επεξεργασία ηλεκτροκαρδιογραφήματος</subfield>
  </datafield>
  <datafield tag="653" ind1=" " ind2=" ">
   <subfield code="a">Ηλεκτρομυογράφημα</subfield>
  </datafield>
  <datafield tag="653" ind1=" " ind2=" ">
   <subfield code="a">Ψηφιακή επεξεργασία ηλεκτροεγκεφαλογραφήματος</subfield>
  </datafield>
  <datafield tag="653" ind1=" " ind2=" ">
   <subfield code="a">Ηλεκτροεγκεφαλογράφημα</subfield>
  </datafield>
  <datafield tag="653" ind1=" " ind2=" ">
   <subfield code="a">Ψηφιακή επεξεργασία διακύμανσης καρδιακού ρυθμού</subfield>
  </datafield>
  <datafield tag="653" ind1=" " ind2=" ">
   <subfield code="a">Διακύμανση καρδιακού ρυθμού</subfield>
  </datafield>
  <datafield tag="653" ind1=" " ind2=" ">
   <subfield code="a">Ηλεκτροκαρδιογράφημα</subfield>
  </datafield>
  <datafield tag="653" ind1=" " ind2=" ">
   <subfield code="a">Ψηφιακή επεξεργασία βιοϊατρικών σημάτων</subfield>
  </datafield>
  <datafield tag="653" ind1=" " ind2=" ">
   <subfield code="a">Βιοσήματα</subfield>
  </datafield>
  <datafield tag="653" ind1=" " ind2=" ">
   <subfield code="a">Βιοϊατρικά σήματα</subfield>
  </datafield>
  <datafield tag="653" ind1=" " ind2=" ">
   <subfield code="a">Έμπειρα συστήματα στην ιατρική</subfield>
  </datafield>
  <datafield tag="653" ind1=" " ind2=" ">
   <subfield code="a">Ευφυή πληροφοριακά συστήματα στην ιατρική</subfield>
  </datafield>
  <datafield tag="653" ind1=" " ind2=" ">
   <subfield code="a">Συστήματα υποστήριξης απόφασης στην ιατρική</subfield>
  </datafield>
  <datafield tag="653" ind1=" " ind2=" ">
   <subfield code="a">Κινητή υγεία</subfield>
  </datafield>
  <datafield tag="653" ind1=" " ind2=" ">
   <subfield code="a">Πληροφοριακά συστήματα τηλεϊατρικής</subfield>
  </datafield>
  <datafield tag="653" ind1=" " ind2=" ">
   <subfield code="a">Ιατρικός φάκελος ασθενούς</subfield>
  </datafield>
  <datafield tag="653" ind1=" " ind2=" ">
   <subfield code="a">Ηλεκτρονικός φάκελος ασθενούς</subfield>
  </datafield>
  <datafield tag="653" ind1=" " ind2=" ">
   <subfield code="a">Πληροφοριακά συστήματα υγείας</subfield>
  </datafield>
  <datafield tag="653" ind1=" " ind2=" ">
   <subfield code="a">Ιατρικά πληροφοριακά συστήματα</subfield>
  </datafield>
  <datafield tag="653" ind1=" " ind2=" ">
   <subfield code="a">Ιατρική κατηγοριοποίηση</subfield>
  </datafield>
  <datafield tag="653" ind1=" " ind2=" ">
   <subfield code="a">Ιατρική ονοματολογία</subfield>
  </datafield>
  <datafield tag="653" ind1=" " ind2=" ">
   <subfield code="a">Πρότυπα κωδικοποίησης ιατρικής πληροφορίας</subfield>
  </datafield>
  <datafield tag="653" ind1=" " ind2=" ">
   <subfield code="a">Ιατρική πληροφορία</subfield>
  </datafield>
  <datafield tag="653" ind1=" " ind2=" ">
   <subfield code="a">Τεχνολογία και επιστήμες μηχανικών</subfield>
   <subfield code="a">Ιατρική τεχνολογία και μηχανική</subfield>
   <subfield code="a">Ιατρική πληροφορική</subfield>
  </datafield>
  <datafield tag="653" ind1=" " ind2=" ">
   <subfield code="a">Τεχνολογία και επιστήμες μηχανικών</subfield>
   <subfield code="a">Μηχανική και τεχνολογία τηλεπικοινωνιών</subfield>
   <subfield code="a">Σήματα και συστήματα</subfield>
  </datafield>
  <datafield tag="653" ind1=" " ind2=" ">
   <subfield code="a">Επιστήμες υγείας</subfield>
   <subfield code="a">Ιατρική</subfield>
   <subfield code="a">Τηλεϊατρική</subfield>
  </datafield>
  <datafield tag="700" ind1="1" ind2=" ">
   <subfield code="a">Τζάλλας, Αλέξανδρος</subfield>
   <subfield code="e">Συγγραφέας</subfield>
   <subfield code="8">1668</subfield>
  </datafield>
  <datafield tag="700" ind1="1" ind2=" ">
   <subfield code="a">Καρβούνης, Ευάγγελος</subfield>
   <subfield code="e">Συγγραφέας</subfield>
   <subfield code="8">1669</subfield>
  </datafield>
  <datafield tag="700" ind1="1" ind2=" ">
   <subfield code="a">Γιαννακέας, Νικόλαος</subfield>
   <subfield code="e">Συγγραφέας</subfield>
   <subfield code="8">1670</subfield>
  </datafield>
  <datafield tag="700" ind1="1" ind2=" ">
   <subfield code="a">Αγγελίδης, Παντελής</subfield>
   <subfield code="e">Κριτικός αναγνώστης</subfield>
   <subfield code="8">1671</subfield>
  </datafield>
  <datafield tag="856" ind1="4" ind2="0">
   <subfield code="u">http://hdl.handle.net/11419/2975</subfield>
   <subfield code="z">Πλήρες Κείμενο - Full text</subfield>
  </datafield>
  <datafield tag="907" ind1=" " ind2=" ">
   <subfield code="a">.b25678188</subfield>
   <subfield code="b">12-06-18</subfield>
   <subfield code="c">29-07-16</subfield>
  </datafield>
  <datafield tag="949" ind1=" " ind2=" ">
   <subfield code="0">0</subfield>
   <subfield code="1">0</subfield>
   <subfield code="2">ddc</subfield>
   <subfield code="4">0</subfield>
   <subfield code="6">610_285000000000000_ΤΣΙ</subfield>
   <subfield code="7">0</subfield>
   <subfield code="8">KALL</subfield>
   <subfield code="8">577</subfield>
   <subfield code="d">2016-04-13</subfield>
   <subfield code="r">2016-04-13</subfield>
   <subfield code="w">2016-04-13</subfield>
   <subfield code="z">610.285 ΤΣΙ</subfield>
   <subfield code="o">SEAB KALLIPOS</subfield>
  </datafield>
  <datafield tag="998" ind1=" " ind2=" ">
   <subfield code="a">80</subfield>
   <subfield code="a">01</subfield>
   <subfield code="a">02</subfield>
   <subfield code="a">03</subfield>
   <subfield code="a">04</subfield>
   <subfield code="a">05</subfield>
   <subfield code="a">06</subfield>
   <subfield code="a">07</subfield>
   <subfield code="a">08</subfield>
   <subfield code="a">09</subfield>
   <subfield code="a">10</subfield>
   <subfield code="a">11</subfield>
   <subfield code="a">12</subfield>
   <subfield code="a">13</subfield>
   <subfield code="a">14</subfield>
   <subfield code="a">15</subfield>
   <subfield code="a">16</subfield>
   <subfield code="a">17</subfield>
   <subfield code="a">18</subfield>
   <subfield code="a">19</subfield>
   <subfield code="a">20</subfield>
   <subfield code="a">21</subfield>
   <subfield code="a">22</subfield>
   <subfield code="a">23</subfield>
   <subfield code="a">24</subfield>
   <subfield code="a">25</subfield>
   <subfield code="a">26</subfield>
   <subfield code="b">11-05-17</subfield>
   <subfield code="c">m</subfield>
   <subfield code="d">z  </subfield>
   <subfield code="e">-</subfield>
   <subfield code="f">gre</subfield>
   <subfield code="g">gr </subfield>
   <subfield code="h">0</subfield>
  </datafield>
  <datafield tag="942" ind1=" " ind2=" ">
   <subfield code="2">ddc</subfield>
   <subfield code="c">KALLIPOS</subfield>
  </datafield>
 </record>
</collection>
